Analyst and the Mystic (Record no. 8182)

MARC details
000 -LEADER
fixed length control field 00614nam a2200253 a 4500
020 ## - INTERNATIONAL STANDARD BOOK NUMBER
ISBN 0670262
082 00 - DEWEY DECIMAL CLASSIFICATION NUMBER
Classification number 291.422
Author Cutter KAK
100 ## - MAIN ENTRY--AUTHOR NAME
Author name Kakar, Sudhir
245 ## - TITLE STATEMENT
Title Analyst and the Mystic
260 ## - PUBLICATION, DISTRIBUTION, ETC. (IMPRINT)
Place of publication Delhi
Name of publisher Penguin Books
Year of publication 1991
300 ## - PHYSICAL DESCRIPTION
Number of Pages 92p
500 ## - GENERAL NOTE
General note includes index and biblioraphy
505 2# - FORMATTED CONTENTS NOTE
Formatted contents note index
650 ## - SUBJECT ADDED ENTRY--TOPICAL TERM
Topical Term Mysticism-Psychoanalysis
650 ## - SUBJECT ADDED ENTRY--TOPICAL TERM
Topical Term Sri Ramakrishna
942 ## - ADDED ENTRY ELEMENTS (KOHA)
Koha item type Books
700 1# -
-- Kakar, Sudhir
Holdings
Collection code Home library Current library Date acquired Cost, normal purchase price Full call number Accession Number Koha item type
  Henry Martyn Institute Library Henry Martyn Institute Library 07/19/2007 125.00 291.422 KAK 014437 Books
                   Copyright © 2026 | Henry Martyn Institute | Hyderabad | TS-500052 | INDIA | Implemented by hmi.edu.in
Hit-Count:

Powered by Koha